000 00301nam a22001217a 4500
008 180424b xxu||||| |||| 00| 0 eng d
041 _aeng
080 _a043.3
100 _a0
101 _aMEK-MA
245 _aBuilding Management System - Energy Efficiency Management
_cIsmaili ,K
942 _2udc
_cBK
999 _c45457
_d45457